| 000 | 00493nam a2200169 a 4500 | ||
|---|---|---|---|
| 001 | 000016964 | ||
| 005 | 20200929165008.0 | ||
| 008 | 100312s19uu dr 000 0 spa d | ||
| 040 |
_aDO-SdBNP _bspa _cBNPHU |
||
| 082 | _aL191c | ||
| 100 | 1 |
_aLajara Alonzo, Pedro M. _937497 |
|
| 245 | 1 | 0 |
_aCurso de ortografía en el hogar / _cPedro M. Lajara Alonso. |
| 260 |
_a[Santo Domingo] : _b[s.n], _c[19--?]. |
||
| 300 |
_a99 p. ; _c22 cm. |
||
| 504 | _aIncluye bibliografías [p. 99] | ||
| 049 | _aBNPD | ||
| 999 |
_c16496 _d16496 |
||